Matemáticas : (Record no. 20314)
[ view plain ]
| 000 -CABECERA | |
|---|---|
| campo de control de longitud fija | 00871nam a2200241 a 4500 |
| 001 - NÚMERO DE CONTROL | |
| campo de control | 000020810 |
| 005 - FECHA Y HORA DE LA ÚLTIMA TRANSACCIÓN | |
| campo de control | 20200930011153.0 |
| 008 - DATOS DE LONGITUD FIJA--INFORMACIÓN GENERAL | |
| campo de control de longitud fija | 100817s1974 dr 000 0 spa d |
| 040 ## - FUENTE DE LA CATALOGACIÓN | |
| Centro catalogador/agencia de origen | DO-SdBNP |
| Lengua de catalogación | spa |
| Centro/agencia transcriptor | BPJMB |
| 082 ## - NÚMERO DE LA CLASIFICACIÓN DECIMAL DEWEY | |
| Número de clasificación | 372.7 |
| Número de documento/Ítem | C266m |
| 100 1# - ENTRADA PRINCIPAL--NOMBRE DE PERSONA | |
| Nombre de persona | Cárdenas Trigos, Humberto |
| 9 (RLIN) | 43629 |
| 245 10 - MENCIÓN DE TÍTULO | |
| Título | Matemáticas : |
| Resto del título | segundo grado / |
| Mención de responsabilidad, etc. | Humberto Cárdenas Trigos...[et al.]. |
| 260 ## - PUBLICACIÓN, DISTRIBUCIÓN, ETC. | |
| Lugar de publicación, distribución, etc. | México : |
| Nombre del editor, distribuidor, etc. | Consejo Nacional de Fomento Educativo, |
| Fecha de publicación, distribución, etc. | 1974. |
| 300 ## - DESCRIPCIÓN FÍSICA | |
| Extensión | 238 p. : |
| Otras características físicas | il. ; |
| Dimensiones | 27 cm. |
| 500 ## - NOTA GENERAL | |
| Nota general | Segundo grado , primera parte. |
| 650 #4 - PUNTO DE ACCESO ADICIONAL DE MATERIA--TÉRMINO DE MATERIA | |
| Término de materia o nombre geográfico como elemento de entrada | Matemáticas |
| Subdivisión general | Enseñanza básica |
| 9 (RLIN) | 43577 |
| 650 #4 - PUNTO DE ACCESO ADICIONAL DE MATERIA--TÉRMINO DE MATERIA | |
| Término de materia o nombre geográfico como elemento de entrada | Matemáticas |
| Subdivisión general | Libros de texto |
| 9 (RLIN) | 29573 |
| 700 1# - PUNTO DE ACCESO ADICIONAL--NOMBRE DE PERSONA | |
| Nombre de persona | Curiel Ariza, Miguel Ángel |
| 9 (RLIN) | 43630 |
| 700 1# - PUNTO DE ACCESO ADICIONAL--NOMBRE DE PERSONA | |
| Nombre de persona | Lluis Riera, Emilio |
| 9 (RLIN) | 43631 |
| 700 1# - PUNTO DE ACCESO ADICIONAL--NOMBRE DE PERSONA | |
| Nombre de persona | Peralta Corona, Fidel |
| 9 (RLIN) | 43632 |
| 700 1# - PUNTO DE ACCESO ADICIONAL--NOMBRE DE PERSONA | |
| Nombre de persona | Tavera Guerrero, Cuauhtémoc |
| 9 (RLIN) | 43633 |
| 700 1# - PUNTO DE ACCESO ADICIONAL--NOMBRE DE PERSONA | |
| Nombre de persona | Villar Quijano, Elías V. |
| 9 (RLIN) | 43634 |
No items available.
